00701nam a22002177a 45000010005000000030006000050050017000110080041000280200018000690400029000870500009001161000014001252450066001392600047002053000049002525050008003015200092003095210029004015210020004307000033004509542FISKH20260120123251.0260120b cb ||||| |||| 00| 0 eng d a9789383665044 aFISKHbengcFISKHdFISKH aPZ7  aAnonymous aAnimal tales /cBy Anonymous : Art and design by Print Mirchi aNew Delhi :bYounge Learner Publications , a16 pages : bcolor illustrations ;c28 cm .  aJ  aThe Bramble Bush , The Dove in the Cage , The Gullible Gold and The Lion's Double Treat8 a500 bLexile estimate 8 aJ bRaz-Plus  aMirchi , PrinteIllustrator